| 000 | 00770nam a2200241 i 4500 | ||
|---|---|---|---|
| 001 | 181332 | ||
| 003 | ES-MaACL | ||
| 005 | 20250911062854.0 | ||
| 008 | 121210s2011 sp | |||| ||spa d | ||
| 020 | _a978-84-7522-373-5 | ||
| 080 | _a821.581-14"06/08" | ||
| 245 | 0 | 0 |
_aPoetas chinos de la Dinastía Tang (618-907) / _csel. y trad. C.G. Moral. |
| 250 | _a3ª ed. | ||
| 260 |
_aMadrid : _bVisor Libros, _c2011. |
||
| 300 |
_a167 p. ; _c20 cm. |
||
| 490 | 1 |
_aColección Visor de poesía ; _v373 |
|
| 650 | 4 |
_aPoesías chinas _916208 |
|
| 700 | 1 |
_aMoral, Concepción G. _982930 |
|
| 830 | 0 |
_aColección Visor de poesía _v373 _9177331 |
|
| 852 |
_aES-MaACL _jA-12388 _9188216 _bR.146732 _cDEPO1 _dOlim: N-5393 |
||
| 942 |
_2udc _cMONOGRAFIA |
||
| 999 |
_c181332 _d181332 |
||